Manuel d'analyse du discours / (Record no. 37731)
[ view plain ]
| 000 -LEADER | |
|---|---|
| fixed length control field | 00610nam a22002051a 4500 |
| 003 - CONTROL NUMBER IDENTIFIER | |
| control field | NEGST |
| 005 - DATE AND TIME OF LATEST TRANSACTION | |
| control field | 20110718132542.0 |
| 008 - FIXED-LENGTH DATA ELEMENTS--GENERAL INFORMATION | |
| fixed length control field | 030712s1993 001 0 eng d |
| 100 1# - MAIN ENTRY--PERSONAL NAME | |
| Personal name | Wisemann, Ursula. |
| 245 10 - TITLE STATEMENT | |
| Title | Manuel d'analyse du discours / |
| Statement of responsibility, etc | by Ursula Wiesemann. |
| Medium | [Text] |
| 260 ## - PUBLICATION, DISTRIBUTION, ETC. (IMPRINT) | |
| Place of publication, distribution, etc | Yaunde |
| Name of publisher, distributor, etc | Tous Droits Reserves |
| Date of publication, distribution, etc | 1993 |
| 300 ## - PHYSICAL DESCRIPTION | |
| Extent | v, 271p. |
| 490 0# - SERIES STATEMENT | |
| Series statement | Collection Propelca No.26 |
| 500 ## - GENERAL NOTE | |
| General note | Includes bibliographical references and index. |
| 590 ## - LOCAL NOTE (RLIN) | |
| Local note | Accession number: 24181 |
| 650 #0 - SUBJECT ADDED ENTRY--TOPICAL TERM | |
| Topical term or geographic name as entry element | African languages. |
| 650 #0 - SUBJECT ADDED ENTRY--TOPICAL TERM | |
| Topical term or geographic name as entry element | Literary |
| General subdivision | African. |
| 700 1# - ADDED ENTRY--PERSONAL NAME | |
| Personal name | Nseme, Cledor. |
| Withdrawn status | Lost status | Source of classification or shelving scheme | Damaged status | Not for loan | Collection code | Home library | Current library | Shelving location | Date acquired | Cost, normal purchase price | Full call number | Barcode | Date last seen | Copy number | Price effective from | Koha item type | Source of acquisition |
|---|---|---|---|---|---|---|---|---|---|---|---|---|---|---|---|---|---|
| Library of Congress Classification | General Circulation | AIU/NEGST - Tony Wilmot Memorial Library | AIU/NEGST - Tony Wilmot Memorial Library | General Stacks | 10/13/2009 | 10.00 | PL 8007.W54 1983 | R07503N3232 | 09/26/2019 | 1 | 10/13/2009 | Africana collection (General) | |||||
| Library of Congress Classification | General Circulation | AIU/NEGST - Tony Wilmot Memorial Library | AIU/NEGST - Tony Wilmot Memorial Library | General Stacks | 10/13/2009 | 10.00 | PL 8007.W54 1983 | R25543X3232 | 09/26/2019 | 2 | 10/13/2009 | Africana collection (General) | Donation - Dr. Sue Glidden |
